Crusade for world fellowship. (Record no. 14190)

000 -LEADER
fixed length control field 00551nam a2200181 a 4500
001 - CONTROL NUMBER
control field :::00012015$&:&@@
003 - CONTROL NUMBER IDENTIFIER
control field OkBaRHE
005 - DATE AND TIME OF LATEST TRANSACTION
control field 20000607103415.0
008 - FIXED-LENGTH DATA ELEMENTS--GENERAL INFORMATION
fixed length control field j 000 0 eng u
040 ## - CATALOGING SOURCE
Transcribing agency
100 1# - MAIN ENTRY--PERSONAL NAME
Personal name Lindsay, Gordon.
245 10 - TITLE STATEMENT
Title Crusade for world fellowship.
260 ## - PUBLICATION, DISTRIBUTION, ETC. (IMPRINT)
Place of publication, distribution, etc Dallas, TX., :
Name of publisher, distributor, etc Voice of Healing Publishing Co.
Date of publication, distribution, etc nd
300 ## - PHYSICAL DESCRIPTION
Extent 105 p. ;
Dimensions 21 cm.
650 ## - SUBJECT ADDED ENTRY--TOPICAL TERM
Topical term or geographic name as entry element Pentecostalism
942 ## - ADDED ENTRY ELEMENTS (KOHA)
Source of classification or shelving scheme
Koha item type Books
Copies
Source of classification or shelving scheme Date acquired Price effective from Damaged status Koha item type Not for loan Barcode Shelving location Date last seen Withdrawn status Permanent Location Lost status Copy number Full call number
 2010-04-142010-04-14 Books 12015General Stacks2010-04-14 RHEMA Bible Training College 1BX 8764 .Z6L5C7